000 00568nam a2200193Ia 4500
005 20250326144936.0
008 250326s9999 xx 000 0 und d
020 _a0-415-21760-1
037 _aTextbook
040 _aFMSL
_beng
_cFMSL
041 _aeng
_2eng
084 _aX:9 P1
_qFMSL
100 _aKelly J
_9741987
245 0 _aPower and influence in the boardroom : Role of the personnel/HR director
_cKelly J; Gennard J
260 _aNew Delhi
_bNew Delhi, Routledge
_c2001
300 _a200p
942 _cTB
_hX:9 P1
999 _c1305728
_d1305728